• 首页
  • 本馆介绍
  • 公告通知
  • 最新文献
  • 馆藏检索
  • 电子资源
  • 读者导购
  • 参考咨询
  • 我的图书馆
  • 登录
  • 详细信息显示
  • 放入我的书架
  • 预约/预借图书
  • 作者相关作品
  • 分类相关作品
  • 丛书相关作品
  • 出版社相关作品

书目信息

  • 表格格式
  • 工作单格式
  • 卡片格式
题名:
自杀与美好生活
    
 
作者: 吴飞 著
分册:  
出版信息: 上海   上海三联书店  2007
页数: 306页
开本: 23cm
丛书名: 思想与社会
单 册:
中图分类: C913.9
科图分类:
主题词: 自杀--研究
电子资源:
ISBN: 978-7-5426-2447-5
000 00867oam2 2200241 450
001 1258991953
005 20121004162353.12
010    @a978-7-5426-2447-5@dCNY36.00
100    @a20111117d2007 em y0chiy0110 ea
101 0  @achi
102    @aCN@b310000
105    @ay z 000yy
200 1  @a自杀与美好生活@Azi sha yu mei hao sheng huo@f吴飞著
210    @a上海@c上海三联书店@d2007
215    @a306页@d23cm
225 2  @a思想与社会
330    @a全书通过对自杀观念演变的思考,透视西方人性观及相应的政治建构的演变。全书共分为七章,大体分为三个部分。第一部分讨论的是希腊罗马的自杀问题;第二部分分别针对奥古斯丁、托马斯、但丁的自杀论述;第三部分,以现代早期的英国为个案,考察那个时代对自杀的讨论。
461  0 @12001 @a思想与社会
606 0  @a自杀@x研究
690    @aC913.9@v4
701  0 @a吴飞@Awu fei@4著
801  0 @aCN@bNLC@c20111117
905    @a10447@dC913.9@eJY275
    
    自杀与美好生活/吴飞著.-上海:上海三联书店,2007
    306页;23cm.-(思想与社会)
    
    
    ISBN 978-7-5426-2447-5:CNY36.00
    全书通过对自杀观念演变的思考,透视西方人性观及相应的政治建构的演变。全书共分为七章,大体分为三个部分。第一部分讨论的是希腊罗马的自杀问题;第二部分分别针对奥古斯丁、托马斯、但丁的自杀论述;第三部分,以现代早期的英国为个案,考察那个时代对自杀的讨论。
●
相关链接 在E读中查询图书 在五车中查询图书 在当当中查询图书 在豆瓣中查询图书


正题名:自杀与美好生活     索取号:C913.9/JY275         预约/预借

序号 登录号 条形码 馆藏地/架位号 状态 备注
1 7810852   278108520   学院路分馆/ [索取号:C913.9/JY275] 在馆    
2 7810853   278108539   学院路分馆/ [索取号:C913.9/JY275] 在馆    
唐山师范学院图书馆 欢迎您!
大连网信软件有限公司© 版权所有